Which Language is Closest? - Statistics

General Stats
  • This quiz has been taken 1,584 times
    357 since last reset
  • The average score is 8 of 15
Answer Stats
Question Answer % Correct
Ukrainian Russian
90%
Italian Romanian
86%
German Dutch
85%
Turkish Kazakh
83%
Hungarian Finnish
78%
Thai Lao
55%
Swahili Zulu
52%
Tagalog Malagasy
48%
Arabic Somali
47%
Mandarin Chinese Burmese
43%
Persian Bengali
33%
Armenian French
28%
Hindi Punjabi
28%
Hausa Hebrew
24%
Nahuatl Shoshoni
14%
No matching quizzes found
Score Distribution
Percent of People with Each Score
Percentile by Number Answered
Your Score History
You have not taken this quiz since the last reset